000 01011nam a2200313 a 4500
003 AR-BaBNM
005 20251128210347.0
008 082120s2002 ||||||||||||||000 | spa||
020 _a987-9336-03-8
040 _cAR-BaBNM
245 0 0 _aAlfredo L. Palacios
_blegislador social e idealista militante
260 _aBuenos Aires
_bCírculo de Legisladores de la Nación Argentina
_c1998
300 _a95 p.
490 0 _aVidas, ideas y obras de los legisladores argentinos
_vv. 13
500 _aContiene textos parlamentarios de Alfredo L. Palacios
600 1 4 _aPalacios, Alfredo L.
650 4 _aHISTORIA ARGENTINA
650 4 _aBIOGRAFIAS
650 4 _aHISTORIA POLITICA ARGENTINA
650 4 _aLEGISLACION ARGENTINA
650 4 _aSIGLO DIECINUEVE
650 4 _aHISTORIA DE LA EDUCACION
650 4 _aPARTIDOS POLITICOS ARGENTINOS
655 _aBIOGRAFIAS
700 1 _aSalomon, Mario R.
_eprologuista
800 1 _aMárquez, Alfonso Carlos
_edirector
942 _cBK
998 _cMariana
999 _c15131
_d15131